Lengua y literatura ii : géneros literarios y no literarios /
Guardado en:
| Autor Principal: | |
|---|---|
| Otros Autores: | , , |
| Formato: | Libro |
| Publicado: |
Buenos Aires :
Aique,
2000
|
| Materias: | |
| Etiquetas: |
Agregar Etiqueta
Sin Etiquetas, Sea el primero en etiquetar este registro!
|
| LEADER | 01271nam a22003015a 4500 | ||
|---|---|---|---|
| 001 | CEM.cems010610 | ||
| 008 | 130507s2000##################000#0#####d | ||
| 005 | 20241220095918.0 | ||
| 245 | 1 | 0 | |a Lengua y literatura ii : |b géneros literarios y no literarios / |c Ana Atorresi ... [ Et Al.] |
| 260 | |a Buenos Aires : |b Aique, |c 2000 | ||
| 300 | |a 222 p. | ||
| 500 | |a Para 2º año Polimodal. | ||
| 505 | 0 | |a La lengua -- La comunicación y los lenguajes -- Lectores y oyentes de textos -- Escritores según el modelo: la descripción -- Lectores de porqués: la explicación -- La literatura -- Trabajadores y bien entretenidos: la literatura -- Actores de palabras y algo más: el drama -- Soñadores de invenciones: la novela | |
| 020 | |a 950701618X | ||
| 100 | 1 | |a Atorresi, Ana | |
| 700 | 1 | |a Bannon, Mara | |
| 700 | 1 | |a Gándara, Santiago | |
| 700 | 1 | |a Kornfeld, Laura | |
| 082 | 0 | 4 | |a Z468 |
| 653 | |a Lengua | ||
| 653 | |a Lengua-2ºpolimodal | ||
| 653 | |a Literatura | ||
| 653 | |a Novela | ||
| 653 | |a Drama | ||
| 653 | |a Lenguaje | ||
| 859 | |a CEMS |b BIB. CEMS - 11 de abril |h Z468 |i At72a2 |p 21373.01 |t Ej.2 |v II |3 II | ||
| 859 | |a CEMS |b BIB. CEMS - 11 de abril |h Z468 |i At72a2 |p 21374.01 |t Ej.3 |v II |3 II | ||
| 859 | |a CEMS |b BIB. CEMS - 11 de abril |h Z468 |i At72a2 |p 21375.01 |t Ej.4 |v II |3 II | ||
